000 00503 a2200121 4500
001 ART_10753
005 20260410161854.0
008 260409a
245 1 0 _a¿Puede el hecho de haber nacido constituir un daño resarcible? (Reflexiones desde el derecho argentino a próposito de la Jurisprudencia de la Corte de Casación Francesa)
100 1 _aPicasso, Sebastián
700 1 _aSaénz, Luis R. J.
773 0 _tDerecho privado
_gBioderecho - Año I, Nº 1 (mayo 2012)
_wREV10455
999 _c25290
_d25290